Most Visited U.S. States by Europeans - Statistics

General Stats
  • This quiz has been taken 1,280 times
  • The average score is 9 of 10
Answer Stats
Visits State % Correct
3,665,382 New York
100%
2,153,754 California
99%
2,998,553 Florida
98%
408,802 Texas
93%
623,608 Nevada
83%
268,796 Washington
83%
440,627 Illinois
80%
499,469 Massachusetts
77%
185,629 Georgia
70%
336,144 New Jersey
70%
No matching quizzes found
Score Distribution
Percent of People with Each Score
Percentile by Number Answered
Your Score History
You have not taken this quiz